000 00563nam a2200181Ia 4500
003 GCL
008 140319s9999 xx 000 0 ara d
040 _aGCL /
_cGCL
082 0 4 _a301.20
_bج ت
100 1 _aجورج سعد
245 1 0 _aتطور الفكر السياسى فى العصور القديمة والوسطى /
_cجورج سعد
490 _a100 قصة
_v0
650 0 4 _aالعصور الوسطى
650 0 4 _aالاجتماع السياسى
650 0 4 _aالاجتماع، علم
650 0 4 _aالعصور القديمة
942 _2ddc
_cBK
999 _c43613
_d43613